📖150 premiers mots "Sept jours pour une éternité..." Marc Levy - Statistiques

Statistiques générales
  • Ce quiz a Ă©tĂ© pris 5 fois
  • Le rĂ©sultat moyen est 77 sur 150
Statistiques - réponses
Mots % Correct
Ă 
100%
C'
100%
Ce
100%
d'
100%
de
100%
du
100%
en
100%
Hilton
100%
Il
100%
il
100%
il,
100%
l'
100%
Lucas
100%
s'
100%
sa
100%
un
100%
au
67%
autre
67%
avait
67%
beeper
67%
bien
67%
bout
67%
cette
67%
chambre
67%
côté
67%
dans
67%
dit-
67%
et
67%
était
67%
fois
67%
heures
67%
la
67%
le
67%
lit,
67%
lit.
67%
lui,
67%
main,
67%
ne
67%
petite
67%
pièce.
67%
qu'
67%
qui
67%
son
67%
sur
67%
troisième
67%
Allongé
33%
enfer
33%
geste
33%
hĂ´tel
33%
huit
33%
lança
33%
nuit
33%
quarante-
33%
table
33%
toi
33%
ait
0%
ajusta ...
0%
"Allez,
0%
armoire,
0%
assuré
0%
aucune
0%
autant
0%
auteur
0%
caressa
0%
client
0%
clignotait
0%
couverture
0%
cravate,
0%
culte.
0%
dénommé
0%
devenir
0%
diode
0%
doigt.
0%
enjoué.
0%
étira
0%
Face
0%
frénétiquement.
0%
heureux
0%
histoire
0%
juste
0%
lecture
0%
lève-
0%
livre
0%
marche",
0%
mémoire
0%
miroir
0%
nœud
0%
oublié
0%
ouverte
0%
ouvrage
0%
passe
0%
pendulette,
0%
posa
0%
quitta
0%
ravi.
0%
referma
0%
régalé.
0%
regarda
0%
relisait
0%
reprit
0%
resserra
0%
tiroir
0%
valise
0%
Aucun quiz correspondant
Distribution des résultats
% des personnes avec chaque résultat
Percentile par nombre de réponses
Votre historique - résultats
Vous n’avez pas pris ce quiz